Journal of philosophical logic

Detalles Bibliográficos
Formato: Electrónico Revista
Lenguaje:inglés
Publicado: Dordrecht : Kluwer Academic Publishers, 1972-
[Netherlands] : Springer Netherlands
Materias:
Acceso en línea:Full text available from Research Library: 02/01/1997 to 1 year ago

MARC

LEADER 00000nas a2200000 a 4500
001 ssj0008137
003 WaSeSS
005 20200512172242.0
006 m d
007 cr n
008 971110c19729999ne br pss 0 0eng c
010 |a  2004233185 
016 7 |a 1475527-0  |2 DE-600 
022 |a 1573-0433  |l 0022-3611  |y 0022-3611 
035 |a (WaSeSS)ssj0008137 
040 |a F#A  |b eng  |c F#A  |d OCL  |d OCLCQ  |d MUQ  |d OCLCQ  |d GUA  |d OCLCQ  |d OCL  |d GUA  |d CIT  |d EYM  |d OCLCQ  |d BUF  |d OCLCF  |d OCLCO  |d OCLCQ  |d RCE  |d AU@  |d VT2  |d DLC  |d NJT  |d WaSeSS 
042 |a pcc 
050 0 0 |a BC51 
082 0 4 |a 160 
130 0 |a Journal of philosophical logic (Online) 
222 0 |a Journal of philosophical logic  |b (Dordrecht. Online) 
245 1 0 |a Journal of philosophical logic  |h [electronic resource]. 
260 |3 -2004 :  |a Dordrecht :  |b Kluwer Academic Publishers,  |c 1972- 
260 3 |3 2005- :  |a [Netherlands] :  |b Springer Netherlands 
310 |a Bimonthly 
362 1 |a Began with vol. 1 (Feb. 1972). 
506 |a License restrictions may limit access. 
515 |a Some issues combined. 
538 |a Mode of access: World Wide Web. 
588 |a Description based on: Vol. 1 (Feb. 1972); title from cover (JSTOR, viewed Feb. 24, 2010). 
588 |a Latest issue consulted: Vol. 48, issue 1 (Feb. 2019); (SpringerLink website, viewed Mar. 8, 2019). 
650 0 |a Logic  |v Periodicals. 
650 0 |a Philosophy  |v Periodicals. 
650 6 |a Logique  |v Périodiques. 
650 6 |a Philosophie  |v Périodiques. 
650 7 |a Logic.  |2 fast  |0 (OCoLC)fst01002014 
650 7 |a Philosophy.  |2 fast  |0 (OCoLC)fst01060777 
655 0 |a Electronic journals. 
776 0 8 |i Print version:  |t Journal of philosophical logic  |x 0022-3611  |w (DLC) 72622678  |w (OCoLC)1783936 
850 |a DLC 
856 4 0 |z Full text available from Research Library: 02/01/1997 to 1 year ago  |u https://search.proquest.com/publication/36450